Statistics for General Knowledge Quiz #7

Click here to take the quiz!

General Stats

  • This quiz has been taken 201,761 times
    (89,492 since last reset)
  • The average score is 10 of 20

Answer Stats

Question Answer % Correct
What, primarily, do giant pandas eat?Bamboo
96%
What article of clothing is famously worn by Dracula and Superman?Cape
93%
2, 3, 7, 11, and 19 are all examples of what type of number?Prime
82%
What country borders Switzerland to the west?France
79%
What comet passes near Earth every 76 years?{Halley}'s Comet
72%
What is necrotizing fasciitis commonly known as?{Flesh}-eating Bacteria
69%
What actor starred as Hermione Granger?Emma Watson
68%
What comes between milli and nano?Micro
55%
What are the three most-mentioned fashion labels in hip hop music?Gucci
54%
What movie took place on the moon of Pandora?Avatar
52%
What country was formerly known as Ceylon?Sri Lanka
43%
What is the name of the 3-headed dog that guards Hades?Cerberus
40%
From what fish's egg is caviar traditionally made?Beluga Sturgeon
40%
What plant is used to make tequila?Blue {Agave}
32%
What country is mostly located in Anatolia?Turkey
31%
What word means either "a business tycoon" or "a bump on a skiing course"?Mogul
31%
What are the three most-mentioned fashion labels in hip hop music?Prada
28%
What are the three most-mentioned fashion labels in hip hop music?Versace
24%
What tongue-tied Bible character relied on his brother Aaron to do his public speaking?Moses
22%
What is a chorophobe afraid of?Dancing
9%

Score Distribution

Percentile by Number Answered

Percent of People with Each Score

Your Score History

You have not taken this quiz since the last reset